Arritmias Cardiacas / (Registro nro. 904)
[ vista simple ]
| 000 -LEADER | |
|---|---|
| fixed length control field | 00617nam a2200205 a 4500 |
| 008 - CAMPO DE CONTROL (LIBRO) | |
| fixed length control field | 110816s1996 ag a f |||| 001 0 spa d |
| 020 ## - INTERNATIONAL STANDARD BOOK NUMBER | |
| ISBN | 9505551886 |
| 041 ## - CODIGO DE IDIOMA | |
| Código de idioma del texto/pista de sonido o título separado | spa |
| 092 ## - SIGNATURA TOPOGRAFICA DEWEY LOCAL | |
| número de clasificación | 616.12 |
| libristica | 30 |
| sección | GON |
| 100 1# - ENTRADA PRINCIPAL--NOMBRE PERSONAL | |
| Nombre personal | González Zuelgaray, Jorge |
| 9 (RLIN) | 806 |
| 245 ## - TITULO PROPIAMENTE DICHO | |
| Título | Arritmias Cardiacas / |
| Mención de responsabilidad y remanente de la transcripción de la portada | Jorge González Zuelgaray |
| 250 ## - MENCION DE EDICION | |
| Mención de edición | 1a ed. |
| 260 ## - PIE DE IMPRENTA | |
| Lugar de publicación, distribución, etc | Buenos Aires: |
| Nombre de la editorial, distribuidor, etc | Intermedica; |
| Fecha de publicación | 1996. |
| 300 ## - DESCRIPCION FISICA | |
| Extension | 287 p. |
| 500 ## - NOTA GENERAL | |
| Nota general | González Zuelgaray, J. (1996). Arritmias Cardíacas. (1a ed.). Buenos Aires : Intermedica. |
| 590 ## - NOTAS LOCALES (RLIN) | |
| Nota local | Donación Agosto 2011 |
| 653 ## - TÉRMINO INDIZADO - PALABRAS CLAVES | |
| Palabra clave | Cardiologia |
| 653 ## - TÉRMINO INDIZADO - PALABRAS CLAVES | |
| Palabra clave | Arritmias |
| 942 ## - ADDED ENTRY ELEMENTS (KOHA) | |
| Source of classification or shelving scheme | Dewey Decimal Classification |
| Item type | Libros |
| Estado de retiro | Existencia | Fuente de clasificación | Estado general | No para prestamo | Ubicación permanente | ubicación actual | Sala de ubicación | Fecha de adquisición | Total Checkouts | Número de clasificación | Código de barras | Date last seen | Número de ejemplar | Price effective from | Koha tipo de elemento (item) | Public note | Coded location qualifier |
|---|---|---|---|---|---|---|---|---|---|---|---|---|---|---|---|---|---|
| Dewey Decimal Classification | Biblioteca Medicina | Biblioteca Medicina | Circulación | 16/08/2011 | 616.12 30 GON | 2427 | 06/11/2014 | ej.1 | 16/08/2011 | Libros | Hemeroteca 2022 |